Normal view MARC view

Entry Personal Name

Number of records used in: 2

001 - CONTROL NUMBER

  • control field: 5654

003 - CONTROL NUMBER IDENTIFIER

  • control field: DLC

005 - DATE AND TIME OF LATEST TRANSACTION

  • control field: 20231006160212.0

008 - FIXED-LENGTH DATA ELEMENTS

  • fixed length control field: 841115n| azannaabn |n aaa

010 ## - LIBRARY OF CONGRESS CONTROL NUMBER

  • LC control number: n 84126270

035 ## - SYSTEM CONTROL NUMBER

  • System control number: (OCoLC)oca01220890

040 ## - CATALOGING SOURCE

  • Original cataloging agency: DLC
  • Language of cataloging: eng
  • Description conventions: rda
  • Transcribing agency: DLC
  • Modifying agency: DLC
  • Modifying agency: OCoLC
  • Modifying agency: DLC
  • Modifying agency: CSt
  • Modifying agency: DLC

046 ## - SPECIAL CODED DATES

  • Birth date: 1957-02-11
  • Source of date scheme: edtf

053 #0 - LC CLASSIFICATION NUMBER

  • Classification number element--single number or beginning number of span: PS3559.Y47

100 1# - HEADING--PERSONAL NAME

  • Personal name: Iyer, Pico

370 ## - ASSOCIATED PLACE

  • Place of birth: Oxford (England)
  • Place of residence/headquarters: Japan
  • Place of residence/headquarters: United States
  • Source of term: naf

372 ## - FIELD OF ACTIVITY

  • Field of activity: Journalism
  • Source of term: lcsh

373 ## - ASSOCIATED GROUP

  • Associated group: Eton College
  • Associated group: University of Oxford
  • Associated group: Harvard University
  • Associated group: Princeton University
  • Source of term: naf

374 ## - OCCUPATION

  • Occupation: Journalists
  • Occupation: Authors
  • Source of term: lcsh

670 ## - SOURCE DATA FOUND

  • Source citation: His The recovery of innocence, 1984:
  • Information found: t.p. (Pico Iyer)

670 ## - SOURCE DATA FOUND

  • Source citation: His Video night in Kathmandu, 1988, c1987:
  • Information found: CIP t.p. (Pico Iyer) data sheet (b. 2/11/57)

670 ## - SOURCE DATA FOUND

  • Source citation: Paasilinna, Arto. The year of the hare, 2010:
  • Information found: ECIP t.p. (Pico Iyer) data view (PICO IYER (foreword) is the author of 2 novels and numerous nonfiction books about the cultures of the world)

670 ## - SOURCE DATA FOUND

  • Source citation: This could be home, 2019:
  • Information found: title page (Pico Iyer) page 111 (born in Oxford; graduated from Eton, Oxford, and Harvard; was Ferris professor of journalism at Princeton in 2019; lives in Japan and the United States)

Powered by Koha